000 01100nam a2200325zc 4500
001 BV018303336
003 DE-604
005 20220225120748.0
007 t
008 040417s1967 |||| 00||| und d
035 _a(OCoLC)250190020
035 _a(DE-599)BVBBV018303336
040 _aDE-604
_bger
_cRU-10907106
041 _ager
100 1 _aVietzke, Siegfried
_eVerfasser
_4aut
_93091
245 1 0 _aDeutschland zwischen Sozialismus und Imperialismus
_bdie Rolle Deutschlands in der Auseinandersetzung zwischen dem Weltimperialismus und der sozialistischen Sowjetunion (1917-1945)
264 1 _c1967
_aBerlin
_bDietz Verl.
300 _a259 Seiten
336 _aText
_btxt
_2rdacontent
337 _aohne Hilfsmittel zu benutzen
_bn
_2rdamedia
338 _aBand
_bnc
_2rdacarrier
648 _a1917-1945
_93092
650 7 _2gnd
_aSozialismus
_9124
650 7 _2gnd
_aImperialismus
651 7 _2gnd
_aSowjetunion
_9127
651 7 _2gnd
_aDeutschland
_980
710 _4oth
_aParteihochschule "Karl Marx" beim ZK der SED
_eSonstige
_93093
942 _2z
_cMG
980 4 _a(DE-12)AK23020717
999 _c57049
_d57049